Reduce and reuse / (Record no. 4933)

MARC details
000 -LEADER
fixed length control field 00872nam a22002657a 4500
001 - CONTROL NUMBER
control field 4933
003 - CONTROL NUMBER IDENTIFIER
control field FISKH
005 - DATE AND TIME OF LATEST TRANSACTION
control field 20241025120357.0
008 - FIXED-LENGTH DATA ELEMENTS--GENERAL INFORMATION
fixed length control field 241025b cb ||||| |||| 00| 0 eng d
020 ## - INTERNATIONAL STANDARD BOOK NUMBER
International Standard Book Number 9780778741022
040 ## - CATALOGING SOURCE
Original cataloging agency FISKH
Language of cataloging eng
Transcribing agency FISKH
Modifying agency FISKH
050 ## - LIBRARY OF CONGRESS CALL NUMBER
Classification number TD793.9
082 ## - DEWEY DECIMAL CLASSIFICATION NUMBER
Classification number 363.72
100 ## - MAIN ENTRY--PERSONAL NAME
Personal name Hewitt, Sally
Dates associated with a name (1949-)
245 ## - TITLE STATEMENT
Title Reduce and reuse /
Statement of responsibility, etc. Sally Hewitt
250 ## - EDITION STATEMENT
Edition statement 2009
260 ## - PUBLICATION, DISTRIBUTION, ETC.
Place of publication, distribution, etc. New York :
Name of publisher, distributor, etc. Crabtree Publishing,
Date of publication, distribution, etc. 2009.
300 ## - PHYSICAL DESCRIPTION
Extent 32 pages :
Other physical details Color illustrations ;
Dimensions 27 cm
520 ## - SUMMARY, ETC.
Summary, etc. This is one in a series of involving books that encourage readers interested in the environment to join the green team and see how they can make a difference in a hands-on way.
650 ## - SUBJECT ADDED ENTRY--TOPICAL TERM
Source of heading or term Environment
Topical term or geographic name entry element Recycling
Form subdivision Science
650 ## - SUBJECT ADDED ENTRY--TOPICAL TERM
Source of heading or term Non-fiction
700 ## - ADDED ENTRY--PERSONAL NAME
Personal name Anscomb, Jason
Dates associated with a name Illustrator
942 ## - ADDED ENTRY ELEMENTS (KOHA)
Source of classification or shelving scheme Dewey Decimal Classification
Koha item type Books
Suppress in OPAC No
Holdings
Withdrawn status Lost status Source of classification or shelving scheme Damaged status Not for loan Collection Home library Current library Shelving location Date acquired Total Checkouts Full call number Barcode Date last seen Copy number Price effective from Koha item type
    Dewey Decimal Classification     Non-Fiction Footprints International School Library Network Toul Kork Campus Footprints International School Library Network Toul Kork Campus A TK Campus, 4th Floor, Room B401, Non-Fiction Bookcases(7-8) 10/25/2024   HEW 363.72 TD793.9 2024-2229 10/25/2024 1 10/25/2024 Books